000
00288nam a22001337a 4500
008
171218b xxu||||| |||| 00| 0 eng d
020
_a
9781452010038
041
_a
eng
080
_a
37
100
_a
46
101
_a
EDU
245
_a
Simply the Best
_c
Middleton, K.E
942
_2
udc
_c
BK
999
_c
39079
_d
39079